Comparative social policy: concepts, theories and methods (Record no. 392024)

000 -LEADER
fixed length control field 00381cam a22001337a 4500
008 - FIXED-LENGTH DATA ELEMENTS--GENERAL INFORMATION
fixed length control field 180718b1999 xxu||||| |||| 00| 0 eng d
020 ## - INTERNATIONAL STANDARD BOOK NUMBER
International Standard Book Number 0631207740
082 ## - DEWEY DECIMAL CLASSIFICATION NUMBER
Classification number Q C565
245 ## - TITLE STATEMENT
Title Comparative social policy: concepts, theories and methods
Statement of responsibility, etc. edited by Jochen Clasen
260 ## - PUBLICATION, DISTRIBUTION, ETC.
Place of publication, distribution, etc. Oxford
Name of publisher, distributor, etc. Blackwell
Date of publication, distribution, etc. 1999
300 ## - PHYSICAL DESCRIPTION
Extent 282p.
650 ## - SUBJECT ADDED ENTRY--TOPICAL TERM
Topical term or geographic name entry element Social policy
700 ## - ADDED ENTRY--PERSONAL NAME
Personal name Clasen, Jochen
Holdings
Withdrawn status Lost status Damaged status Not for loan Permanent Location Current Location Date acquired Full call number Barcode Date last seen Price effective from Koha item type
        Indian Institute of Public Administration Indian Institute of Public Administration 2000-06-24 Q C565 75154 2018-07-21 2018-07-21 Book

Powered by Koha